Normal view
MARC view
Entry Término temático
001 - NÚMERO DE CONTROL
- campo de control: 44665
003 - IDENTIFICADOR DEL NÚMERO DE CONTROL
- campo de control: OSt
005 - FECHA Y HORA DE LA ÚLTIMA TRANSACCIÓN
- campo de control: 20200615034022.0
008 - DATOS DE LONGITUD FIJA
- campo de control de longitud fija: 200615|| aca||aabn | a|a d
040 ## - FUENTE DE LA CATALOGACIÓN
- Centro catalogador/agencia de origen: OSt
- Centro/agencia transcriptor: OSt
150 ## - ENCABEZAMIENTO--TÉRMINO DE MATERIA
- Término de materia o nombre geográfico como elemento de entrada: REPÚBLICA DOMINICANA
- Subdivisión general: GASTOS PRESUPUESTADOS PÚBLICOS
- Subdivisión cronológica: 2003
670 ## - FUENTE DE DATOS ENCONTRADOS
- Cita de la fuente: Work cat.: (OSt)20904: República Dominicana Secretariado Técnico de la Presidencia Oficina Nacional de Presupuesto 32266, Presupuesto de ingresos y ley de gastos públicos del Gobierno Central 2003., 2003.
